MARC

LEADER 00000nam0a2200000 4500
001 50456
005 20231031033108.0
035 |a (RuTPU)RU\TPU\book\52836 
090 |a 50456 
100 |a 20030416d1986 k y0rusy50 ca 
101 0 |a rus 
102 |a RU 
105 |a a z 001zy 
200 1 |a Исследовательские реакторы  |e Создание и развитие  |f В. В. Гончаров  |g Академия Наук СССР; Институт атомной энергии им. И. В. Курчатова; Под ред. Г. Н. Кружилина 
210 |a Москва  |c Наука  |d 1986 
215 |a 36 с.  |c ил. 
320 |a Библиогр.: с. 35-37. 
610 1 |a атомная промышленность 
610 1 |a ядерные реакторы 
610 1 |a исследовательские реакторы 
610 1 |a атомная энергетика 
610 1 |a тепловыделяющие элементы 
675 |a 621.039.55  |v 3 
700 1 |a Гончаров  |b В. В.  |g Владимир Владимирович 
702 1 |a Кружилин  |b Г. Н.  |4 340 
712 0 2 |a Академия наук СССР (АН СССР)  |b Институт атомной энергии им. И. В. Курчатова  |c (Москва)  |2 stltpush  |3 (RuTPU)RU\TPU\col\2585 
801 1 |a RU  |b 63413507  |c 20030416  |g PSBO 
801 2 |a RU  |b 63413507  |c 20150113  |g PSBO 
942 |c BK